| 000 | 00000nas##2200000za#4500 |
| 001 | 9.501294 |
| 003 | CaOODSP |
| 005 | 20210507160750 |
| 007 | cr ||||||||||| |
| 008 | 150406c2004||||xxc|| m o||||f| |0fre|d |
| 040 | |aCaOODSP|bfre |
| 043 | |an-cn--- |
| 086 | 1 |aCW69-11F-PDF |
| 110 | 2 |aService canadien de la faune. |
| 245 | 10|aPlan national de rétablissement / |h[ressource électronique]|cPublié par Rétablissement des espèces canadiennes en péril. |
| 260 | |aOttawa - Ontario : |bEnvironnement Canada. |
| 775 | 08|tNational recovery plan / |w(CaOODSP)9.504894 |
| 776 | 0#|tPlan national de rétablissement / |w(CaOODSP)9.512898 |